Statistiche per 10 Paesi d'Europa più a Sud

Clicka qui per fare il quiz!

Statistiche generali

  • Questo quiz è stato fatto 2.194 volte
  • Il punteggio medio è 8 su 10

Statistiche sulle risposte

LatitudinePaese% Corretto
34°49'NGrecia
99%
35°30'NItalia
99%
36°00'NSpagna
98%
36°57'NPortogallo
95%
35°47'NMalta
94%
40°34'NAlbania
92%
40°52'NMacedonia del Nord
86%
40°02′NTurchia
77%
41°15'NBulgaria
75%
41°11'NRussia
24%

Distribuzione punteggi

Percentile per numero di risposta

Percentuale di utenti per punteggio

I tuoi punteggi nel tempo

Non hai fatto questo quiz